Managing Sovereign Debt and Debt Markets through a Crisis : Practical Insights and Policy Lessons.

The crisis highlighted the importance of debt management in containing debt-related risks and the associated impact on debt markets. The impact of the crisis on debt levels, and the consequent implications for fiscal consolidation, has been the subject of much discussion and analysis. However, there...

Descripció completa

Dades bibliogràfiques
Autor corporatiu: International Monetary Fund
Format: Revista
Idioma:English
Publicat: Washington, D.C. : International Monetary Fund, 2011.
Col·lecció:Policy Papers; Policy Paper ; No. 2011/031
Accés en línia:Full text available on IMF
LEADER 01736cas a2200241 a 4500
001 AALejournalIMF020074
008 230101c9999 xx r poo 0 0eng d
020 |c 5.00 USD 
020 |z 9781498338943 
022 |a 2663-3493 
040 |a BD-DhAAL  |c BD-DhAAL 
110 2 |a International Monetary Fund. 
245 1 0 |a Managing Sovereign Debt and Debt Markets through a Crisis :   |b Practical Insights and Policy Lessons. 
264 1 |a Washington, D.C. :  |b International Monetary Fund,  |c 2011. 
300 |a 1 online resource (44 pages) 
490 1 |a Policy Papers 
500 |a <strong>Off-Campus Access:</strong> No User ID or Password Required 
500 |a <strong>On-Campus Access:</strong> No User ID or Password Required 
506 |a Electronic access restricted to authorized BRAC University faculty, staff and students 
520 3 |a The crisis highlighted the importance of debt management in containing debt-related risks and the associated impact on debt markets. The impact of the crisis on debt levels, and the consequent implications for fiscal consolidation, has been the subject of much discussion and analysis. However, there has been relatively less focus on the issue of how that debt should be managed, including how its composition should be structured so as to mitigate key risk exposures, and its implications for debt market functioning. That task proved significantly complex and challenging through the crisis, particularly in advanced economies, with additional dimensions of risk revealed. 
538 |a Mode of access: Internet 
830 0 |a Policy Papers; Policy Paper ;  |v No. 2011/031 
856 4 0 |z Full text available on IMF  |u http://elibrary.imf.org/view/journals/007/2011/031/007.2011.issue-031-en.xml  |z IMF e-Library